书目信息 |
| 题名: |
建筑构造
|
|
| 作者: | 李虎 主编 | |
| 分册: | ||
| 出版信息: | 北京 中国水利水电出版社 2024.10 |
|
| 页数: | 257页 | |
| 开本: | 26cm | |
| 丛书名: | 普通高等教育建筑类新形态系列教材 | |
| 单 册: | ||
| 中图分类: | TU22 | |
| 科图分类: | ||
| 主题词: | 建筑构造--jian zhu gou zao--高等教育--教材 | |
| 电子资源: | ||
| ISBN: | 978-7-5226-2012-1 | |
| 000 | 01368nam 2200289 450 | |
| 001 | 92337 | |
| 005 | 20250818072000.65 | |
| 010 | @a978-7-5226-2012-1@dCNY55.00 | |
| 100 | @a20250108d2024 em y0chiy50 ea | |
| 101 | 0 | @achi |
| 102 | @aCN@b110000 | |
| 105 | @aa a 000yy | |
| 106 | @ar | |
| 200 | 1 | @a建筑构造@Ajian zhu gou zao@f主编李虎 |
| 210 | @a北京@c中国水利水电出版社@d2024.10 | |
| 215 | @a257页@c图@d26cm | |
| 225 | 2 | @a普通高等教育建筑类新形态系列教材@Apu tong gao deng jiao yu jian zhu lei xin xing tai xi lie jiao cai |
| 300 | @a行水云课数字教材 | |
| 320 | @a有书目 (第256-257页) | |
| 330 | @a建筑构造课程是建筑学或土木工程等专业中的一门基础课程, 主要目的是培养学生对建筑构造原理和实践的理解和应用能力。在建筑构造课程中, 学生将学习建筑物的承重原理、建筑材料与性能、结构构件与连接以及建筑做法等内容。通过学习建筑构造课程, 学生将能够了解和掌握建筑物的构造原理和要素, 培养解决实际问题的能力, 为未来从事建筑设计或相关领域的工作奠定扎实的基础。本教材配有教学微课、电子课件等配套数字资源。本教材可作为建筑设计、城乡规划等相关专业的教材, 也可供相关从业人员使用。 | |
| 333 | @a河南省“十四五”高等教育规划教材 | |
| 410 | 0 | @12001 @a普通高等教育建筑类新形态系列教材 |
| 606 | 0 | @a建筑构造@Ajian zhu gou zao@x高等教育@j教材 |
| 690 | @aTU22@v5 | |
| 701 | 0 | @a李虎@Ali hu@4主编 |
| 801 | 0 | @aCN@c20250909 |
| 905 | @a河南城建学院图书馆@dTU22@eL178@f1 | |
| 建筑构造/主编李虎.-北京:中国水利水电出版社,2024.10 |
| 257页:图;26cm.-(普通高等教育建筑类新形态系列教材) |
| 行水云课数字教材.-使用对象:河南省“十四五”高等教育规划教材 |
| ISBN 978-7-5226-2012-1:CNY55.00 |
| 建筑构造课程是建筑学或土木工程等专业中的一门基础课程, 主要目的是培养学生对建筑构造原理和实践的理解和应用能力。在建筑构造课程中, 学生将学习建筑物的承重原理、建筑材料与性能、结构构件与连接以及建筑做法等内容。通过学习建筑构造课程, 学生将能够了解和掌握建筑物的构造原理和要素, 培养解决实际问题的能力, 为未来从事建筑设计或相关领域的工作奠定扎实的基础。本教材配有教学微课、电子课件等配套数字资源。本教材可作为建筑设计、城乡规划等相关专业的教材, 也可供相关从业人员使用。 |
| ● |
| 相关链接 |
|
|
|
正题名:建筑构造
索取号:TU22/L178
 
预约/预借
| 序号 | 登录号 | 条形码 | 馆藏地/架位号 | 状态 | 备注 |
| 1 | 1626301 | 216263013 | 建筑库101/101建筑库 45排6列2层/ [索取号:TU22/L178] | 在馆 |